000 00384nam a2200109Ia 4500
008 160909s9999 xx 000 0 und d
100 _aTran, Phuoc
245 _aAutomatic code refactoring techniques for Java programs
260 _bCalifornia State University, Long Beach
_c2016
650 _aInformation Technology
856 _uhttp://pqdtopen.proquest.com/doc/1780636301.html?FMT=ABS
999 _c303804
_d303804